Library Banner

Challenge of human development in South Asia: (Record no. 16952)

MARC details
000 -LEADER
fixed length control field 00583nam a2200181Ia 4500
001 - CONTROL NUMBER
control field 16502
003 - CONTROL NUMBER IDENTIFIER
control field PK-LaUMT
005 - DATE AND TIME OF LATEST TRANSACTION
control field 20221004142645.0
008 - FIXED-LENGTH DATA ELEMENTS--GENERAL INFORMATION
fixed length control field 140404s9999 xx 000 0 und d
040 ## - CATALOGING SOURCE
Transcribing agency PK-LaUMT
082 ## - DEWEY DECIMAL CLASSIFICATION NUMBER
Classification number W 658.30954
Item number CHA-
110 ## - MAIN ENTRY--CORPORATE NAME
Corporate name or jurisdiction name as entry element Human Development Center
245 ## - TITLE STATEMENT
Title Challenge of human development in South Asia:
Remainder of title A report of the regional conference held in Islamabad, Pakistan April, 6-8,
Statement of responsibility, etc Human Development Center
260 ## - PUBLICATION, DISTRIBUTION, ETC. (IMPRINT)
Place of publication, distribution, etc Islamabad,Pakistan:
Name of publisher, distributor, etc Human Development Centre,
Date of publication, distribution, etc 1997
300 ## - PHYSICAL DESCRIPTION
Extent 44 p.
546 ## - LANGUAGE NOTE
Language note EN
942 ## - ADDED ENTRY ELEMENTS (KOHA)
Koha item type Permanently weeded out collection
Source of classification or shelving scheme Dewey Decimal Classification
Holdings
Withdrawn status Lost status Source of classification or shelving scheme Damaged status Not for loan Home library Current library Date acquired Total Checkouts Full call number Barcode Date last seen Price effective from Koha item type
    Dewey Decimal Classification     UMT Main Campus UMT Main Campus 2014-04-04   W 658.30954 CHA- 18781 2014-04-22 2014-04-22 Books
    Dewey Decimal Classification     UMT Main Campus UMT Main Campus 2014-06-17   W 658.30954 CHA- 18782 2014-06-17 2014-06-17 Books